Southville International School and Colleges
Your cart is empty.
  • Cart
  • Lists
    Public lists Eva Luna New books Lux_list list_1
    Your lists Log in to create your own lists
  • Log in to your account
  • Your cookies
  • Search history
Southville International School and Colleges
  • Advanced search
  • Recent comments
  • Most popular
  • Libraries

Log in to your account

Log in with GOOGLE


If you do not have an external account, but do have a local account, you can still log in:

  1. Home
  2. MARC view: French : phrasebook and CD /
Normal view MARC view ISBD view

French : phrasebook and CD / (Record no. 335245)

[ view plain ]
MARC details
000 -LEADER
fixed length control field 00795nam a22002057a 4500
005 - DATE AND TIME OF LATEST TRANSACTION
control field 20170809105326.0
008 - FIXED-LENGTH DATA ELEMENTS--GENERAL INFORMATION
fixed length control field 170623b xxu||||| |||| 00| 0 eng d
020 ## - INTERNATIONAL STANDARD BOOK NUMBER
International Standard Book Number 9781743603697
050 ## - LIBRARY OF CONGRESS CALL NUMBER
Classification number PC 2112.5
Item number .F873 2015
082 ## - DEWEY DECIMAL CLASSIFICATION NUMBER
Classification number TR 448
Item number F87 2015
245 ## - TITLE STATEMENT
Title French : phrasebook and CD /
250 ## - EDITION STATEMENT
Edition statement 3rd edition
260 ## - PUBLICATION, DISTRIBUTION, ETC. (IMPRINT)
Place of publication, distribution, etc Australia :
Name of publisher, distributor, etc Lonely Planet,
Date of publication, distribution, etc c2015.
300 ## - PHYSICAL DESCRIPTION
Extent 271 p. :
Other physical details col. illustrations ;
Dimensions 14 cm. +
Accompanying material 1 CD
650 ## - SUBJECT ADDED ENTRY--TOPICAL TERM
Source of heading or term Library of Congress Subject Headings
Topical term or geographic name as entry element French language
Form subdivision Conversation and phrasebooks
General subdivision English
650 ## - SUBJECT ADDED ENTRY--TOPICAL TERM
Source of heading or term Library of Congress Subject Headings
Topical term or geographic name as entry element French language
Form subdivision Sound recordings for English speakers
650 ## - SUBJECT ADDED ENTRY--TOPICAL TERM
Source of heading or term Library of Congress Subject Headings
Topical term or geographic name as entry element French language
Form subdivision Dictionaries
General subdivision English
942 ## - ADDED ENTRY ELEMENTS (KOHA)
Source of classification or shelving scheme Library of Congress Classification
Item type Books
Holdings
Withdrawn status Lost status Source of classification or shelving scheme Damaged status Home library Current library Shelving location Date acquired Cost, normal purchase price Total Checkouts Full call number Barcode Date last seen Copy number Price effective from Koha item type
    Library of Congress Classification   Luxembourg Library Luxembourg Library Teachers Reference Section 06/23/2017 0.00   PC 2112.5 .F873 2015 20446 06/23/2017 1 06/23/2017 Books
    Library of Congress Classification   Luxembourg Library Luxembourg Library Teachers Reference Section 06/23/2017 0.00   PC 2112.5 .F873 2015 20447 06/23/2017 2 06/23/2017 Books

French : phrasebook and CD /

APA

(2015). French : phrasebook and CD. Australia: Lonely Planet.

Chicago

2015. French : phrasebook and CD. Australia: Lonely Planet.

Harvard

(2015). French : phrasebook and CD. Australia: Lonely Planet.

MLA

French : phrasebook and CD. Australia: Lonely Planet. 2015.

  • Place hold
  • Print
  • Cite
  • Add to your cart (remove)
  • Save record
    BIBTEX Dublin Core MARCXML MARC (non-Unicode/MARC-8) MARC (Unicode/UTF-8) MARC (Unicode/UTF-8, Standard) MODS (XML) RIS
  • More searches
    Search for this title in:
    Other Libraries (WorldCat) Other Databases (Google Scholar) Online Stores (Bookfinder.com) Open Library (openlibrary.org)

Exporting to Dublin Core...

SOUTHVILLE LIBRARY

Southville International School and Colleges Library

1281 Tropical Ave. Cor. Luxembourg St., BF Homes International, Las Pinas City

Tel. No. 8256374 / 252358 Loc. 117/146

Powered by Koha